Teo Torriatte (Let Us Cling Together) - Queen (All Lyrics) - Statistics

General Stats
  • This quiz has been taken 7 times
  • The average score is 149 of 230
Answer Stats
Hint Answer % Correct
a
100%
A
100%
always
100%
cling
100%
have
100%
learned
100%
lessons
100%
English Chorus | EnglishChorus Let
100%
No
100%
no
100%
JapaneseChorus Teo
100%
The
100%
the
100%
to
100%
together
100%
torriatte
100%
us
100%
we
100%
as
75%
Be
75%
be
75%
burn
75%
but
75%
But
75%
by
75%
can
75%
candle
75%
come
75%
ever
75%
For
75%
for
75%
go
75%
gone
75%
I
75%
If
75%
I'm
75%
In
75%
is
75%
just
75%
Just
75%
lose
75%
love,
75%
love
75%
me
75%
moon
75%
my
75%
need
75%
never
75%
ni
75%
night
75%
not
75%
of
75%
Oh
75%
Oh,
75%
quiet
75%
same
75%
shines
75%
think
75%
time
75%
way
75%
wonder
75%
years
75%
yo
75%
you
75%
all
50%
all,
50%
And
50%
blossom
50%
blows
50%
both
50%
don't
50%
Don't
50%
Dream
50%
fools
50%
grow
50%
grows,
50%
Verse3 Hear
50%
on
50%
our
50%
paper
50%
say
50%
song
50%
Still,
50%
strong
50%
that
50%
There's
50%
They'll
50%
Verse2 Though
50%
though
50%
understand
50%
we're
50%
We're
50%
Bridge | Verse1 When
50%
wind
50%
You've
50%
close
25%
dreams
25%
eyes
25%
flower
25%
heart
25%
hold
25%
Itoshiki
25%
It's
25%
knows
25%
life
25%
live
25%
long
25%
much
25%
new
25%
nights
25%
one
25%
pretty
25%
Shizukana
25%
tomoshi
25%
touches
25%
turn
25%
with
25%
your
25%
you're
25%
Aisuruhito
0%
Could
0%
else
0%
Hikario
0%
idaki
0%
iko
0%
konomama
0%
oshieo
0%
warm
0%
yoi
0%
No matching quizzes found
Score Distribution
Percent of People with Each Score
Percentile by Number Answered
Your Score History
You have not taken this quiz